Pays par ordre alphabétique avec une carte - Statistiques

Statistiques générales
  • Ce quiz a été pris 324 fois
    169 depuis la dernière actualisation
  • Le résultat moyen est 62 sur 196
Réponses sur la Carte
Les réponses sont colorées sur une échelle allant du rouge au vert en fonction du pourcentage des utilisateurs qui les ont devinées à leur premier essai. Vous pouvez retrouver ces pourcentages ci-dessous.
 
Statistiques - réponses
Pays % Correct
Afghanistan
97%
Albanie
81%
Afrique du Sud
78%
Algérie
74%
Allemagne
70%
Andorre
68%
Antigua-et-Barbuda
68%
Arménie
68%
Australie
68%
Angola
67%
Bahamas
67%
Argentine
65%
Azerbaïdjan
65%
Autriche
62%
Belgique
61%
Bangladesh
59%
Bahreïn
58%
Belize
58%
Arabie Saoudite
57%
Barbade
57%
Bénin
54%
Bhoutan
54%
Bolivie
54%
Brésil
51%
Cameroun
51%
Danemark
51%
Canada
49%
Biélorussie
48%
Chili
48%
Chine
48%
Burundi
46%
Cambodge
46%
Croatie
46%
Djibouti
46%
Bosnie-Herzégovine
45%
Bulgarie
45%
Colombie
45%
Corée du Nord
45%
Corée du Sud
45%
Espagne
45%
Finlande
45%
Botswana
43%
Brunei
43%
Burkina Faso
43%
Comores
43%
Costa Rica
43%
Dominique
43%
Érythrée
43%
Estonie
43%
France
43%
Chypre
42%
Eswatini
42%
Éthiopie
42%
Gabon
42%
Ghana
42%
Haïti
42%
Hongrie
42%
Cuba
41%
Équateur
41%
Fidji
41%
Guinée
41%
Guinée-Bissau
41%
Honduras
41%
Géorgie
39%
Guinée équatoriale
39%
Guyana
39%
Égypte
38%
Etats-Unis
38%
Inde
38%
Cap-Vert
36%
Gambie
36%
Guatemala
36%
Indonésie
36%
Kirghizistan
36%
Émirats arabes unis
35%
Irlande
35%
Islande
35%
Jamaïque
35%
Kazakhstan
35%
Côte d'Ivoire
33%
Grèce
33%
Irak
33%
Iran
33%
Jordanie
33%
Zambie
33%
Zimbabwe
33%
Kenya
32%
Laos
32%
Israël
30%
Lesotho
30%
Grenade
29%
Italie
29%
Japon
29%
Kosovo
29%
Koweït
29%
Lettonie
29%
Yémen
29%
Kiribati
28%
Liban
28%
Libye
28%
Lituanie
28%
Liberia
26%
Madagascar
26%
Mauritanie
25%
Vanuatu
25%
Vatican
25%
Venezuela
25%
Viêt Nam
25%
Maldives
23%
Mali
23%
Maroc
23%
Mexique
23%
Monténégro
23%
Liechtenstein
22%
Macédoine du Nord
22%
Malawi
22%
Mongolie
22%
Mozambique
22%
Namibie
22%
Niger
22%
Nigeria
22%
Norvège
22%
Oman
22%
Uruguay
22%
Îles Marshall
20%
Luxembourg
20%
Malaisie
20%
Moldavie
20%
Ouganda
20%
Ouzbékistan
20%
Pakistan
20%
Pérou
20%
Népal
19%
Nicaragua
19%
Paraguay
19%
Qatar
19%
Russie
19%
Sénégal
19%
Tadjikistan
19%
Tonga
19%
Turkménistan
19%
Turquie
19%
Tuvalu
19%
Îles Salomon
17%
Malte
17%
Nauru
17%
Palaos
17%
Panama
17%
Portugal
17%
Soudan
17%
Soudan du Sud
17%
Suède
17%
Suisse
17%
Suriname
17%
Togo
17%
Ukraine
17%
Monaco
16%
Papouasie-Nouvelle-Guinée
16%
République dominicaine
16%
Roumanie
16%
Saint-Christophe- et-Niévès
16%
Saint-Marin
16%
Saint-Vincent-et-les-Grenadines
16%
Samoa
16%
Serbie
16%
Somalie
16%
Syrie
16%
Tanzanie
16%
Tunisie
16%
Maurice
14%
Myanmar
14%
Pays-Bas
14%
Philippines
14%
Pologne
14%
République Centrafricaine
14%
République démocratique du Congo
14%
Royaume-Uni
14%
Sainte-Lucie
14%
Seychelles
14%
Sierra Leone
14%
Slovaquie
14%
Slovénie
14%
Tchad
14%
Timor oriental
14%
Micronésie
13%
Nouvelle-Zélande
13%
république du congo
13%
République tchèque
13%
Salvador
13%
Thaïlande
13%
Rwanda
12%
Sri Lanka
12%
Sao Tomé-et-Principe
10%
Taïwan
10%
Trinité-et-Tobago
10%
Singapour
9%
Aucun quiz correspondant
Distribution des résultats
% des personnes avec chaque résultat
Percentile par nombre de réponses
Votre historique - résultats
Vous n’avez pas pris ce quiz depuis la dernière actualisation